[Event "Paracin Summer op-A 10th"]
[Site "Paracin"]
[Date "2017.07.11"]
[Round "5.19"]
[White "Emiroglu, Cankut"]
[Black "Radovanovic, Nikola"]
[Result "1/2-1/2"]
[WhiteElo "2277"]
[BlackElo "2399"]
[PlyCount "55"]
[EventDate "2017.07.07"]
[EventType "swiss"]
[EventRounds "9"]
[EventCountry "SRB"]
[SourceTitle "EXT 2018"]
[Source "ChessBase"]
[SourceDate "2017.10.13"]
[SourceVersion "1"]
[SourceVersionDate "2017.10.13"]
[SourceQuality "1"]

1. e4 c5 2. Nf3 e6 3. d4 cxd4 4. Nxd4 Nf6 5. Nc3 d6 6. Bd3 Be7 7. 0-0 Nc6 8. Nb3 a6 9. a4 b6 10. f4 0-0 11. Qf3 Bb7 12. Qh3 Qc7 13. Be3 Nb4 14. Rae1 d5 15. e5 Ne4 16. Bd4 Nxd3 17. cxd3 Nc5 18. Nd2 Qd7 19. b3 b5 20. a5 b4 21. Ne2 Qb5 22. Rf3 f5 23. exf6 Bxf6 24. Rg3 Rae8 25. Qh6 Bxd4+ 26. Nxd4 Qd7 27. Qg5 Kh8 28. Rge3 1/2-1/2

[Event "Paracin Summer op-A 10th"]
[Site "Paracin"]
[Date "2017.07.08"]
[Round "2.16"]
[White "Mesaros, Florian"]
[Black "Emiroglu, Cankut"]
[Result "1-0"]
[WhiteElo "2415"]
[BlackElo "2277"]
[PlyCount "73"]
[EventDate "2017.07.07"]
[EventType "swiss"]
[EventRounds "9"]
[EventCountry "SRB"]
[SourceTitle "EXT 2018"]
[Source "ChessBase"]
[SourceDate "2017.10.13"]
[SourceVersion "1"]
[SourceVersionDate "2017.10.13"]
[SourceQuality "1"]

1. Nf3 Nf6 2. c4 e6 3. Nc3 Bb4 4. g3 Bxc3 5. bxc3 d6 6. Bg2 Nc6 7. 0-0 e5 8. d3 0-0 9. e4 a6 10. a4 Na5 11. h3 Bd7 12. Bg5 h6 13. Be3 c5 14. Nh4 Ne8 15. Nf5 Bxf5 16. exf5 Nf6 17. Rb1 Qd7 18. g4 Rfe8 19. h4 h5 20. g5 Ng4 21. Bc1 e4 22. Bxe4 Rxe4 23. dxe4 Re8 24. f3 Ne5 25. Bf4 Nexc4 26. Rf2 Rd8 27. Qd5 Qxa4 28. g6 Qe8 29. Rg2 Kf8 30. Ra1 Rd7 31. f6 fxg6 32. Rxa5 Nxa5 33. Bxd6+ Rxd6 34. Qxd6+ Kg8 35. Qc7 gxf6 36. Qxa5 Qd7 37. Qxc5 1-0

[Event "Izmir MTS IM 5th"]
[Site "Izmir"]
[Date "2016.06.29"]
[Round "3.3"]
[White "Dizdarevic, Emir"]
[Black "Emiroglu, Cankut"]
[Result "1/2-1/2"]
[WhiteElo "2492"]
[BlackElo "2304"]
[PlyCount "70"]
[EventDate "2016.06.28"]
[EventType "schev"]
[EventRounds "10"]
[EventCountry "TUR"]
[SourceTitle "CBM 173 Extra"]
[Source "ChessBase"]
[SourceDate "2016.08.29"]
[SourceVersion "1"]
[SourceVersionDate "2016.08.29"]
[SourceQuality "1"]
[WhiteTeam "Ephesus"]
[BlackTeam "Ephesus II"]
[WhiteTeamCountry "TUR"]
[BlackTeamCountry "TUR"]

1. Nf3 Nf6 2. g3 d5 3. Bg2 c6 4. 0-0 Bg4 5. h3 Bh5 6. c4 Nbd7 7. cxd5 cxd5 8. Qb3 Qb6 9. Qxb6 Nxb6 10. Nc3 Bxf3 11. Bxf3 Rc8 12. d3 e6 13. Be3 Bc5 14. Nb5 a6 15. Na7 Rc7 16. Rac1 Nfd7 17. Bxc5 Rxc5 18. Rxc5 Nxc5 19. Rc1 Kd7 20. Rxc5 Ra8 21. Nb5 axb5 22. a3 Ra5 23. e4 Kd6 24. d4 e5 25. b4 Rxa3 26. dxe5+ Kxe5 27. Kg2 Kd6 28. Rxb5 Kc6 29. Rc5+ Kd6 30. exd5 Nd7 31. Rc8 Rb3 32. Rh8 h6 33. Bh5 Ke7 34. d6+ Kxd6 35. Bxf7 Rxb4 1/2-1/2

[Event "Izmir MTS IM 5th"]
[Site "Izmir"]
[Date "2016.06.28"]
[Round "2.4"]
[White "Emiroglu, Cankut"]
[Black "Mrdja, Milan"]
[Result "1/2-1/2"]
[WhiteElo "2304"]
[BlackElo "2356"]
[PlyCount "85"]
[EventDate "2016.06.28"]
[EventType "schev"]
[EventRounds "10"]
[EventCountry "TUR"]
[SourceTitle "CBM 173 Extra"]
[Source "ChessBase"]
[SourceDate "2016.08.29"]
[SourceVersion "1"]
[SourceVersionDate "2016.08.29"]
[SourceQuality "1"]
[WhiteTeam "Ephesus II"]
[BlackTeam "Ephesus"]
[WhiteTeamCountry "TUR"]
[BlackTeamCountry "TUR"]

1. e4 c5 2. Nc3 d6 3. Nge2 e6 4. g3 Nc6 5. Bg2 Nf6 6. d4 cxd4 7. Nxd4 Bd7 8. 0-0 Be7 9. Ndb5 Qb8 10. Bg5 a6 11. Bxf6 gxf6 12. Nd4 0-0 13. Nce2 Qc7 14. c3 Rac8 15. Rc1 Nxd4 16. Nxd4 b5 17. Kh1 Qb6 18. Qd2 Kh8 19. h4 Rg8 20. Kh2 Rg6 21. a3 Rcg8 22. Bf3 Bf8 23. Qd3 Qb8 24. Bh5 R6g7 25. Rc2 Be7 26. Rfc1 Qd8 27. c4 f5 28. exf5 bxc4 29. Rxc4 d5 30. R4c2 Bxh4 31. Nf3 Bg5 32. Nxg5 Qxg5 33. Qf3 exf5 34. Rd1 f4 35. Rxd5 fxg3+ 36. fxg3 Qe7 37. Re2 Be6 38. Qc3 h6 39. Rde5 Qd6 40. Bf3 Qb8 41. Qd2 Rg5 42. Qf4 Qd8 43. Rxg5 1/2-1/2

[Event "Nakhchivan op"]
[Site "Nakhchivan"]
[Date "2016.05.16"]
[Round "7"]
[White "Emiroglu, Cankut"]
[Black "Gasimov, Parviz"]
[Result "1-0"]
[WhiteElo "2302"]
[BlackElo "2375"]
[PlyCount "63"]
[EventDate "2016.05.10"]
[EventType "swiss"]
[EventRounds "9"]
[EventCountry "AZE"]
[SourceTitle "EXT 2017"]
[Source "ChessBase"]
[SourceDate "2016.10.25"]
[SourceVersion "1"]
[SourceVersionDate "2016.10.25"]
[SourceQuality "1"]

1. e4 e6 2. d4 d5 3. Nd2 Nf6 4. e5 Nfd7 5. Bd3 c5 6. c3 Nc6 7. Ne2 cxd4 8. cxd4 f6 9. exf6 Qxf6 10. Nf3 h6 11. 0-0 Bd6 12. Nc3 0-0 13. Be3 Rf7 14. h3 Nf8 15. Nh2 Bd7 16. f4 a6 17. Qd2 Re8 18. Rf2 Ne7 19. Ng4 Qh4 20. Raf1 Nf5 21. Ne5 Bxe5 22. fxe5 Nxe3 23. Qxe3 Ree7 24. Rf4 Qg5 25. h4 Qh5 26. Be2 Qg6 27. Bd3 Qh5 28. Qg3 Rxf4 29. Rxf4 Be8 30. Rf6 Bc6 31. Rxf8+ Kxf8 32. Bg6 1-0

[Event "Nakhchivan op"]
[Site "Nakhchivan"]
[Date "2016.05.15"]
[Round "6"]
[White "Beradze, Irakli"]
[Black "Emiroglu, Cankut"]
[Result "1-0"]
[WhiteElo "2425"]
[BlackElo "2302"]
[PlyCount "131"]
[EventDate "2016.05.10"]
[EventType "swiss"]
[EventRounds "9"]
[EventCountry "AZE"]
[SourceTitle "CBM 172 Extra"]
[Source "ChessBase"]
[SourceDate "2016.06.21"]
[SourceVersion "1"]
[SourceVersionDate "2016.06.21"]
[SourceQuality "1"]

1. d4 Nf6 2. c4 e6 3. Nf3 Bb4+ 4. Bd2 a5 5. Nc3 b6 6. e3 Bxc3 7. Bxc3 Ne4 8. Rc1 d6 9. Bd3 Bb7 10. b3 Nxc3 11. Rxc3 Nd7 12. 0-0 0-0 13. e4 e5 14. Bc2 Qe7 15. d5 Bc8 16. Nd2 g6 17. Rg3 Kg7 18. f4 exf4 19. Rxf4 Qe5 20. Rf2 Qd4 21. Rd3 Qb2 22. Bb1 Ne5 23. Nf3 Nxf3+ 24. gxf3 Qa1 25. Qc1 Qf6 26. f4 Bd7 27. Re3 Rae8 28. e5 Qh4 29. Qc3 Kg8 30. Qe1 Re7 31. Rf1 Qh5 32. Qg3 Rfe8 33. Rfe1 Bf5 34. Bxf5 Qxf5 35. h3 h5 36. h4 Kh7 37. Qg5 Qxg5+ 38. hxg5 Rd7 39. Kg2 Kg7 40. Kf3 Rde7 41. R3e2 Kf8 42. Re4 Rc8 43. R1e3 Rce8 44. Ke2 Ra8 45. Kd3 Rae8 46. Kd4 Rc8 47. a3 Ra8 48. Re1 Ra7 49. R4e3 Ra8 50. Rf1 Rae8 51. Rf2 Rd8 52. Rfe2 Ra8 53. Ra2 Rd8 54. b4 Ra8 55. Ree2 Ree8 56. c5 axb4 57. axb4 bxc5+ 58. bxc5 h4 59. exd6 cxd6 60. Rxe8+ Rxe8 61. cxd6 Rd8 62. Ke5 Re8+ 63. Kf6 Re4 64. d7 Rxf4+ 65. Ke5 Rf5+ 66. Kd6 1-0

[Event "Nakhchivan op"]
[Site "Nakhchivan"]
[Date "2016.05.11"]
[Round "2"]
[White "Khenkin, Igor"]
[Black "Emiroglu, Cankut"]
[Result "1-0"]
[WhiteElo "2575"]
[BlackElo "2302"]
[PlyCount "75"]
[EventDate "2016.05.10"]
[EventType "swiss"]
[EventRounds "9"]
[EventCountry "AZE"]
[SourceTitle "CBM 172 Extra"]
[Source "ChessBase"]
[SourceDate "2016.06.21"]
[SourceVersion "1"]
[SourceVersionDate "2016.06.21"]
[SourceQuality "1"]

1. Nf3 Nf6 2. g3 c5 3. Bg2 g6 4. c4 Bg7 5. Nc3 Nc6 6. 0-0 0-0 7. d4 cxd4 8. Nxd4 Nxd4 9. Qxd4 d6 10. Qd3 Nd7 11. b3 Nc5 12. Qd2 a5 13. Ba3 Be6 14. Rac1 Qc7 15. Rfd1 Rab8 16. Nb5 Qb6 17. Qe3 Bf6 18. Bd5 Bxd5 19. Rxd5 Rfc8 20. Rcd1 Nd7 21. Bxd6 Qxe3 22. fxe3 Nb6 23. Bxb8 Nxd5 24. Rxd5 Rxb8 25. Nd4 Ra8 26. a4 Kf8 27. Rb5 Ra7 28. c5 e6 29. c6 Bxd4 30. c7 Bxe3+ 31. Kg2 Ra8 32. Rxb7 Rc8 33. Rb8 Ke7 34. Rxc8 Kd7 35. Rf8 Kxc7 36. Rxf7+ Kd6 37. Rxh7 Kd5 38. Kf3 1-0

[Event "Nakhchivan op"]
[Site "Nakhchivan"]
[Date "2016.05.10"]
[Round "1"]
[White "Emiroglu, Cankut"]
[Black "Kuzubov, Yuriy"]
[Result "1/2-1/2"]
[WhiteElo "2302"]
[BlackElo "2632"]
[PlyCount "35"]
[EventDate "2016.05.10"]
[EventType "swiss"]
[EventRounds "9"]
[EventCountry "AZE"]
[SourceTitle "CBM 172 Extra"]
[Source "ChessBase"]
[SourceDate "2016.06.21"]
[SourceVersion "1"]
[SourceVersionDate "2016.06.21"]
[SourceQuality "1"]

1. e4 c5 2. Nf3 d6 3. Bb5+ Nc6 4. 0-0 Bd7 5. Re1 Nf6 6. h3 e6 7. c3 d5 8. d3 Be7 9. Bg5 0-0 10. Nbd2 h6 11. Bh4 Rc8 12. Ba4 d4 13. cxd4 Nxd4 14. Nxd4 cxd4 15. Bxf6 Bxf6 16. Bxd7 Qxd7 17. a4 Be7 18. Qb3 1/2-1/2

[Event "Iasi op"]
[Site "Iasi"]
[Date "2015.06.05"]
[Round "8"]
[White "Georgescu, Tiberiu Marian"]
[Black "Emiroglu, Cankut"]
[Result "1-0"]
[WhiteElo "2475"]
[BlackElo "2311"]
[PlyCount "62"]
[EventDate "2015.05.29"]
[EventType "swiss"]
[EventRounds "9"]
[EventCountry "ROU"]
[SourceTitle "EXT 2016"]
[Source "ChessBase"]
[SourceDate "2015.10.08"]
[SourceVersion "1"]
[SourceVersionDate "2015.10.08"]
[SourceQuality "1"]

1. Nf3 Nf6 2. c4 e6 3. Nc3 Bb4 4. Qc2 b6 5. a3 Bxc3 6. Qxc3 Bb7 7. g3 d6 8. Bg2 Nbd7 9. 0-0 0-0 10. d4 c5 11. b4 Qe7 12. Bb2 Rac8 13. Rac1 Rfd8 14. Rfd1 d5 15. bxc5 bxc5 16. cxd5 Bxd5 17. Qa5 Rb8 18. Bc3 Rdc8 19. dxc5 Rxc5 20. Bxf6 gxf6 21. Qa4 f5 22. Rxc5 Nxc5 23. Qf4 Rd8 24. Qg5+ Qxg5 25. Nxg5 Na4 26. Bxd5 Rxd5 27. Rxd5 exd5 28. Nf3 Kg7 29. Nd4 Kf6 30. Kg2 Nc3 31. Kf3 a5 1-0

[Event "Nakhchivan op"]
[Site "Nakhchivan"]
[Date "2015.05.06"]
[Round "5"]
[White "Guseinov, Gadir"]
[Black "Emiroglu, Cankut"]
[Result "1-0"]
[WhiteElo "2614"]
[BlackElo "2338"]
[PlyCount "53"]
[EventDate "2015.05.02"]
[EventType "swiss"]
[EventRounds "9"]
[EventCountry "AZE"]
[SourceTitle "CBM 166 Extra"]
[Source "ChessBase"]
[SourceDate "2015.06.18"]
[SourceVersion "1"]
[SourceVersionDate "2015.06.18"]
[SourceQuality "1"]

1. e4 c6 2. d4 d5 3. Nd2 dxe4 4. Nxe4 Nd7 5. c3 Ngf6 6. Nxf6+ Nxf6 7. Bc4 e6 8. Nf3 Be7 9. 0-0 0-0 10. Ne5 Qc7 11. Qf3 Nd7 12. Qg3 Nxe5 13. dxe5 Re8 14. Bh6 Bf8 15. Rad1 b5 16. Bb3 Bb7 17. Rd4 Rad8 18. Bxg7 Bxg7 19. Rg4 Kh8 20. Rxg7 Rg8 21. Rxg8+ Rxg8 22. Qf4 c5 23. Qf6+ Rg7 24. Rd1 Bxg2 25. Rd8+ Qxd8 26. Qxd8+ Rg8 27. Qxg8+ 1-0

[Event "Nakhchivan op"]
[Site "Nakhchivan"]
[Date "2015.05.03"]
[Round "2"]
[White "Emiroglu, Cankut"]
[Black "Khomeriki, Nino"]
[Result "1-0"]
[WhiteElo "2338"]
[BlackElo "2228"]
[PlyCount "79"]
[EventDate "2015.05.02"]
[EventType "swiss"]
[EventRounds "9"]
[EventCountry "AZE"]
[SourceTitle "CBM 166 Extra"]
[Source "ChessBase"]
[SourceDate "2015.06.18"]
[SourceVersion "1"]
[SourceVersionDate "2015.06.18"]
[SourceQuality "1"]

1. e4 e6 2. d4 d5 3. Nd2 Nf6 4. e5 Nfd7 5. Bd3 c5 6. c3 Nc6 7. Ne2 cxd4 8. cxd4 f6 9. exf6 Nxf6 10. Nf3 Bd6 11. 0-0 Qc7 12. g3 0-0 13. Bf4 Ng4 14. Qc1 Bd7 15. Bb5 Rac8 16. Qd2 h6 17. h4 Rxf4 18. gxf4 Rf8 19. Bxc6 Bxc6 20. Ne5 Bxe5 21. fxe5 Rf3 22. Kg2 Qf7 23. Ng1 Qg6 24. Kxf3 Nh2+ 25. Ke2 Bb5+ 26. Ke1 Nxf1 27. Qb4 Qxg1 28. Qxb5 Ng3+ 29. Kd2 Ne4+ 30. Kc2 Qxa1 31. Qe8+ Kh7 32. Qxe6 Qg1 33. Qxd5 Qxf2+ 34. Kb3 Qe3+ 35. Ka4 Qd3 36. h5 Qa6+ 37. Kb4 Qb6+ 38. Ka4 Qa6+ 39. Kb4 Qb6+ 40. Ka4 1-0

[Event "Nakhchivan op"]
[Site "Nakhchivan"]
[Date "2015.05.02"]
[Round "1"]
[White "Paichadze, Luka"]
[Black "Emiroglu, Cankut"]
[Result "1-0"]
[WhiteElo "2556"]
[BlackElo "2338"]
[PlyCount "55"]
[EventDate "2015.05.02"]
[EventType "swiss"]
[EventRounds "9"]
[EventCountry "AZE"]
[SourceTitle "CBM 166 Extra"]
[Source "ChessBase"]
[SourceDate "2015.06.18"]
[SourceVersion "1"]
[SourceVersionDate "2015.06.18"]
[SourceQuality "1"]

1. e4 c5 2. Nf3 d6 3. d4 cxd4 4. Qxd4 a6 5. c4 Bg4 6. Be2 Nc6 7. Qe3 g6 8. 0-0 Bxf3 9. Bxf3 Bg7 10. Rd1 Qc8 11. Be2 Nf6 12. h3 0-0 13. Nc3 Nd7 14. Rb1 Qb8 15. b4 a5 16. b5 Nd8 17. Nd5 Re8 18. b6 Ne6 19. Bg4 Ndc5 20. f4 Na6 21. f5 Nf8 22. Bb2 Bxb2 23. Rxb2 Qd8 24. e5 dxe5 25. Nc7 Qb8 26. Nxa8 Qxa8 27. Qxe5 gxf5 28. Bxf5 1-0

[Event "Skopje Karposh op"]
[Site "Skopje"]
[Date "2015.04.03"]
[Round "9"]
[White "Emiroglu, Cankut"]
[Black "Lazov, Toni"]
[Result "1/2-1/2"]
[WhiteElo "2338"]
[BlackElo "2115"]
[PlyCount "27"]
[EventDate "2015.03.27"]
[EventType "swiss"]
[EventRounds "9"]
[EventCountry "MKD"]
[SourceTitle "CBM 165 Extra"]
[Source "ChessBase"]
[SourceDate "2015.04.21"]
[SourceVersion "1"]
[SourceVersionDate "2015.04.21"]
[SourceQuality "1"]

1. e4 c5 2. Nc3 d6 3. g3 Nc6 4. Bg2 g6 5. d3 e6 6. Be3 Bg7 7. Qd2 Nd4 8. Nd1 Nc6 9. Nc3 h5 10. f4 Nge7 11. Nf3 b6 12. Bf2 d5 13. e5 d4 14. Ne4 1/2-1/2

[Event "Skopje Karposh op"]
[Site "Skopje"]
[Date "2015.03.31"]
[Round "6"]
[White "Abramovic, Bosko"]
[Black "Emiroglu, Cankut"]
[Result "1-0"]
[WhiteElo "2462"]
[BlackElo "2338"]
[PlyCount "64"]
[EventDate "2015.03.27"]
[EventType "swiss"]
[EventRounds "9"]
[EventCountry "MKD"]
[SourceTitle "CBM 165 Extra"]
[Source "ChessBase"]
[SourceDate "2015.04.21"]
[SourceVersion "1"]
[SourceVersionDate "2015.04.21"]
[SourceQuality "1"]

1. c4 Nf6 2. Nf3 e6 3. g3 d5 4. Bg2 Be7 5. 0-0 0-0 6. b3 c5 7. cxd5 Nxd5 8. Bb2 b6 9. Nc3 Nxc3 10. Bxc3 Bb7 11. Qc2 Qc8 12. Qb2 f6 13. d4 cxd4 14. Bxd4 Nc6 15. Rac1 Qe8 16. Rfd1 Nxd4 17. Nxd4 Bxg2 18. Kxg2 Bc5 19. b4 Bxd4 20. Rxd4 Rc8 21. Rxc8 Qxc8 22. Qd2 Qc6+ 23. f3 Rc8 24. Qd3 b5 25. a3 f5 26. Rd6 Qc4 27. Qe3 Kf7 28. Rd7+ Kf6 29. Rxa7 g5 30. Kf2 Qc6 31. Qd2 Qc3 32. Rd7 Rc4 1-0

[Event "Olomouc IM 17th"]
[Site "Olomouc"]
[Date "2014.08.05"]
[Round "9"]
[White "Emiroglu, Cankut"]
[Black "Jurek, Josef"]
[Result "1-0"]
[WhiteElo "2356"]
[BlackElo "2299"]
[PlyCount "83"]
[EventDate "2014.07.30"]
[EventType "tourn"]
[EventRounds "11"]
[EventCountry "CZE"]
[EventCategory "2"]
[SourceTitle "CBM 161 Extra"]
[Source "ChessBase"]
[SourceDate "2014.08.29"]
[SourceVersion "1"]
[SourceVersionDate "2014.08.29"]
[SourceQuality "1"]

1. e4 e6 2. d4 d5 3. Nd2 Nf6 4. e5 Nfd7 5. Bd3 c5 6. c3 Nc6 7. Ne2 cxd4 8. cxd4 f6 9. exf6 Nxf6 10. Nf3 Bd6 11. 0-0 0-0 12. Bf4 Bxf4 13. Nxf4 Qd6 14. g3 Qb4 15. b3 Bd7 16. h4 Rae8 17. Re1 Qb6 18. Qd2 Kh8 19. Bc2 Nxd4 20. Qxd4 Qxd4 21. Nxd4 e5 22. Bg6 exf4 23. Bxe8 Nxe8 24. Ne6 Bxe6 25. Rxe6 fxg3 26. fxg3 Nf6 27. Re7 Rd8 28. Rd1 b6 29. Rxa7 h5 30. Ra6 d4 31. Rxb6 Ne4 32. Re6 Nxg3 33. Re5 g6 34. Rd3 Nf5 35. a4 Rc8 36. Rxf5 gxf5 37. Rxd4 Kg7 38. a5 Kf6 39. a6 Ke5 40. Ra4 Kd5 41. a7 Ra8 42. Kf2 1-0

[Event "Olomouc IM 17th"]
[Site "Olomouc"]
[Date "2014.08.03"]
[Round "7"]
[White "Emiroglu, Cankut"]
[Black "Petr, Jan1"]
[Result "1-0"]
[WhiteElo "2356"]
[BlackElo "2202"]
[PlyCount "65"]
[EventDate "2014.07.30"]
[EventType "tourn"]
[EventRounds "11"]
[EventCountry "CZE"]
[EventCategory "2"]
[SourceTitle "CBM 161 Extra"]
[Source "ChessBase"]
[SourceDate "2014.08.29"]
[SourceVersion "1"]
[SourceVersionDate "2014.08.29"]
[SourceQuality "1"]

1. e4 e5 2. Bc4 Nf6 3. d3 Nc6 4. Nf3 Be7 5. 0-0 0-0 6. Re1 d6 7. a4 Kh8 8. Nc3 Bg4 9. h3 Bh5 10. a5 a6 11. Be3 Qd7 12. Nd5 Nxd5 13. exd5 Nd8 14. Nxe5 dxe5 15. Qxh5 Bd6 16. Qh4 f5 17. f4 Nf7 18. Bb3 g5 19. fxg5 Rg8 20. d4 e4 21. Rf1 Raf8 22. Qh5 Rg6 23. h4 Nh6 24. Bf4 Bxf4 25. Rxf4 Ng4 26. Raf1 e3 27. Qxg4 fxg4 28. Rxf8+ Kg7 29. d6 Re6 30. R8f7+ Qxf7 31. Rxf7+ Kxf7 32. dxc7 e2 33. Bxe6+ 1-0

[Event "Olomouc IM 17th"]
[Site "Olomouc"]
[Date "2014.08.02"]
[Round "5"]
[White "Emiroglu, Cankut"]
[Black "Biolek, Richard Jr"]
[Result "1/2-1/2"]
[WhiteElo "2356"]
[BlackElo "2423"]
[PlyCount "53"]
[EventDate "2014.07.30"]
[EventType "tourn"]
[EventRounds "11"]
[EventCountry "CZE"]
[EventCategory "2"]
[SourceTitle "CBM 161 Extra"]
[Source "ChessBase"]
[SourceDate "2014.08.29"]
[SourceVersion "1"]
[SourceVersionDate "2014.08.29"]
[SourceQuality "1"]

1. e4 c5 2. Nf3 e6 3. d4 cxd4 4. Nxd4 Nc6 5. Nc3 d6 6. g3 a6 7. Bg2 Bd7 8. 0-0 Nf6 9. Nb3 Be7 10. Be3 Ne5 11. Bd4 Nc4 12. Qe2 Rc8 13. Nd1 e5 14. Bc3 Qb6 15. Re1 h5 16. Nd2 Nxd2 17. Qxd2 Bc6 18. Ba5 Qa7 19. c4 h4 20. Qd3 hxg3 21. hxg3 Ng4 22. Ne3 Nxe3 23. Qxe3 Qxe3 24. Rxe3 Bd8 25. Bxd8 Kxd8 26. Rd1 Ke7 27. Red3 1/2-1/2

[Event "Skopje Karposh op"]
[Site "Skopje"]
[Date "2014.04.01"]
[Round "5"]
[White "Emiroglu, Cankut"]
[Black "Can, Emre"]
[Result "1/2-1/2"]
[WhiteElo "2328"]
[BlackElo "2524"]
[PlyCount "50"]
[EventDate "2014.03.29"]
[EventType "swiss"]
[EventRounds "9"]
[EventCountry "MKD"]
[SourceTitle "CBM 159 Extra"]
[Source "ChessBase"]
[SourceDate "2014.04.24"]
[SourceVersion "1"]
[SourceVersionDate "2014.04.24"]
[SourceQuality "1"]

1. e4 g6 2. d4 Bg7 3. Nc3 d6 4. Be2 a6 5. a4 Nf6 6. Bg5 c5 7. e5 dxe5 8. dxe5 Nfd7 9. f4 Nc6 10. Nf3 f6 11. exf6 Nxf6 12. Qxd8+ Nxd8 13. 0-0-0 Be6 14. Bxf6 Bxf6 15. Ne4 Rc8 16. Nfg5 Bf5 17. Bc4 Bxg5 18. Nxg5 h6 19. Nf3 Rf8 20. Ne5 Nc6 21. Rhe1 Rc7 22. Nxc6 Rxc6 23. Re5 Bg4 24. Rde1 Rc7 25. g3 Rf6 1/2-1/2

[Event "Skopje Karposh op"]
[Site "Skopje"]
[Date "2014.03.30"]
[Round "2"]
[White "Djukic, Nikola"]
[Black "Emiroglu, Cankut"]
[Result "1/2-1/2"]
[WhiteElo "2551"]
[BlackElo "2328"]
[PlyCount "96"]
[EventDate "2014.03.29"]
[EventType "swiss"]
[EventRounds "9"]
[EventCountry "MKD"]
[SourceTitle "CBM 159 Extra"]
[Source "ChessBase"]
[SourceDate "2014.04.24"]
[SourceVersion "1"]
[SourceVersionDate "2014.04.24"]
[SourceQuality "1"]

1. e4 c6 2. d4 d5 3. Nc3 dxe4 4. Nxe4 Nd7 5. Nf3 Ngf6 6. Ned2 g6 7. g3 Bg7 8. Bg2 0-0 9. 0-0 c5 10. Re1 cxd4 11. Nxd4 Nb6 12. N2f3 Nfd5 13. a4 a5 14. c3 Re8 15. Ng5 Bd7 16. Qb3 e6 17. Ne4 Qc7 18. Nb5 Bxb5 19. Qxb5 Nc4 20. Bf1 Ne5 21. Be2 Rec8 22. Bd2 h6 23. c4 Ne7 24. Be3 Nf5 25. Rad1 Nxe3 26. fxe3 Bf8 27. Nf6+ Kg7 28. Nd7 Bc5 29. Nxc5 Qxc5 30. Qxc5 Rxc5 31. b3 Ra6 32. Rd4 Rb6 33. Bd1 Rc7 34. Kf2 Nd7 35. Bc2 Nc5 36. Rb1 Rcc6 37. Rd7 Rd6 38. Rxd6 Rxd6 39. Ke2 Na6 40. Be4 b6 41. Rf1 Nb4 42. Bb1 Na6 43. Bc2 f6 44. h3 Rd8 45. Rf4 e5 46. Rf1 Nb4 47. Bb1 Rd6 48. Rg1 Kf7 1/2-1/2

[Event "EU-ch U18 23rd"]
[Site "Budva"]
[Date "2013.10.06"]
[Round "7"]
[White "Emiroglu, Cankut"]
[Black "Ostovic, Matija"]
[Result "1-0"]
[WhiteElo "2260"]
[BlackElo "2298"]
[PlyCount "52"]
[EventDate "2013.09.29"]
[EventType "swiss"]
[EventRounds "9"]
[EventCountry "MNE"]
[SourceTitle "CBM 156 Extra"]
[Source "ChessBase"]
[SourceDate "2013.10.22"]
[SourceVersion "1"]
[SourceVersionDate "2013.10.22"]
[SourceQuality "1"]

1. e4 d6 2. d4 Nf6 3. Nc3 e5 4. Nf3 Nbd7 5. Bc4 Be7 6. 0-0 c6 7. Re1 b5 8. Bb3 0-0 9. d5 cxd5 10. Nxd5 Bb7 11. Bg5 Rc8 12. Bxf6 Nxf6 13. c3 Rc5 14. Nxf6+ Bxf6 15. a4 a6 16. axb5 axb5 17. Qe2 Qb6 18. Red1 b4 19. c4 Qc6 20. Nd2 Bg5 21. Ba4 Qc8 22. Bb5 f5 23. Ra7 Rc7 24. exf5 Be7 25. Ne4 Kf7 26. f3 Rh8 1-0

[Event "EU-ch U18 23rd"]
[Site "Budva"]
[Date "2013.10.03"]
[Round "5"]
[White "Emiroglu, Cankut"]
[Black "Baglan, Esat"]
[Result "1-0"]
[WhiteElo "2260"]
[BlackElo "2024"]
[PlyCount "49"]
[EventDate "2013.09.29"]
[EventType "swiss"]
[EventRounds "9"]
[EventCountry "MNE"]
[SourceTitle "CBM 156 Extra"]
[Source "ChessBase"]
[SourceDate "2013.10.22"]
[SourceVersion "1"]
[SourceVersionDate "2013.10.22"]
[SourceQuality "1"]

1. e4 c5 2. c3 d5 3. exd5 Qxd5 4. d4 g6 5. Be3 Bg7 6. dxc5 Qxd1+ 7. Kxd1 Nc6 8. Nd2 Nf6 9. Ngf3 Ng4 10. Bb5 0-0 11. Be2 e5 12. h3 Nxe3+ 13. fxe3 Be6 14. Bc4 Bxc4 15. Nxc4 e4 16. Nd4 Ne5 17. Nxe5 Bxe5 18. b4 f5 19. a3 Rfd8 20. Ke1 Kf7 21. c6 bxc6 22. Nxc6 Rd5 23. Rd1 Rxd1+ 24. Kxd1 Ke6 25. c4 1-0